| 000 | 01096nam a22002417a 4500 | ||
|---|---|---|---|
| 005 | 20240530110555.0 | ||
| 008 | 160809s2013 ua a g b 000 0 ara d | ||
| 017 |
_a2011/8955 _bمصر . دار الكتب المصريه |
||
| 020 | _a978977052722 | ||
| 040 | _aEG-CaGPL | ||
| 082 | 0 | 4 |
_221 _a370.11\ _bم ت |
| 100 | 1 | _aمارزانو، روبرت . | |
| 245 | 1 | 2 |
_aالتصنيف الجديد للاهداف التعليميه / _cتاليف: روبرت مارزانو، جون كيندال ؛ ترجمه فايز مراد مينا ، عبد المسيح سمعان عبد المسيح . |
| 260 |
_aالقاهره : _bمكتبه الانجلو المصريه ، _c2013 . |
||
| 300 |
_a263 ص : _bايض ؛ _c24 سم . |
||
| 504 | _aببليوجرافيه : ص 251 - 263 | ||
| 650 | 0 | 4 |
_aالتعليم _xأغراضه وأهدافه . |
| 700 | 1 |
_aكيندال ، جون _eمؤلف مشارك . |
|
| 700 | 1 |
_aفايز مراد مينا _eمترجم . |
|
| 700 | 1 |
_aعبد المسيح سمعان _eمترجم . |
|
| 942 |
_2ddc _cBK |
||
| 999 |
_c62548 _d62548 |
||